000 01545nam0a2200301 4500
001 RU\NLR\BIBL_A\022763364
005 20260329044911.0
010 _910000
035 _a(NLR Aleph) 022763364
090 _a13644784
_c13644784
100 _a20260323d1967 m y0rusy50 ca
101 0 _atyv
102 _aRU
105 _ay z 000 y
181 0 _ai
_baxxe
182 0 _an
200 1 _aТыва дылдың орфографтыг словары
_e25000 хире сөстүг
_eэдилгелиг болгаш немелделиг
_eбешки үндүргени
_fТываның дыл, литература болгаш төөгүнүң эртем-шинчилел институду/ НИИ языка, литературы и истории Тувы
_gСловарьның бешки үндүрүлгезин М. Д. Биче-оол биле С. Н. Чамааева белеткеп тургускан
_gХарыысалгалыг редактору Д. А. Моңгуш
203 _aТекст
_bвизуальный
_cнепосредственный
205 _a5-е изд.
210 _aКызыл
_cТываның ном үндүрер чери
_d1967
215 _a445, [1] с.
_d17
541 1 _aОрфографический словарь
_zrus
_eпримерно 25000 слов
_eс изменениями и дополнениями
686 1 _aШ163.44
702 1 _aБиче-оол
_bМ. Д.
_gМонгуш Допчунович
_4340
852 _aNLR
_bОНЛ
_jТув./2-779
942 _cBOOK
980 _aNB